| 000 | 00517nam a2200181Ia 4500 | ||
|---|---|---|---|
| 008 | 180921t2016 xxu||||| |||| 00| 0 sin d | ||
| 041 | _asin | ||
| 080 |
_a159.9 _bGOL |
||
| 100 | _aGoldsmith,Stuart | ||
| 245 | _aඔබට ඕනෑම දෙයක් ලබා ගත හැක | ||
| 246 | _aObata Oneema Deyak Laba Gatha Heka | ||
| 260 |
_bAratuwa _aMeegamuwa _c2016 |
||
| 300 | _b144p, 21cm | ||
| 700 |
_aWishrawana Galappaththi _etr. |
||
| 942 | _cBK | ||
| 999 |
_c2037 _d2037 |
||
| 003 | LK-CoDNM | ||
| 040 |
_aLK-CoDNM _dLK-CoDNM _eLK-CoDNM |
||